|
|
|
|
| LEADER |
01771nam a2200373 a 4500 |
| 001 |
15384698 |
| 008 |
111120s2010 nyua b 001 0 eng d |
| 010 |
|
|
|a 2008934034
|
| 020 |
|
|
|a 01726056
|
| 020 |
|
|
|a 9780387797113
|
| 020 |
|
|
|a 9780387797106
|
| 020 |
|
|
|a 0387797106
|
| 040 |
|
|
|a COO
|c COO
|d BTCTA
|d YDXCP
|d BAKER
|d BWX
|d CDX
|d MUU
|d OHX
|d MUM
|d DLC
|d BD-DhAAL
|
| 082 |
0 |
0 |
|a 511.6
|2 22
|
| 999 |
|
|
|c 11437
|d 11437
|
| 999 |
|
|
|c 11437
|
| 100 |
1 |
|
|a Harris, John M.
|q (John Michael),
|d 1969-
|9 7550
|
| 245 |
1 |
0 |
|a Combinatorics and graph theory /
|c John M. Harris, Jeffry L. Hirst, Michael J. Mossinghoff.
|
| 250 |
|
|
|a 2nd ed.
|
| 260 |
|
|
|a New York :
|b Springer,
|c c2010.
|
| 300 |
|
|
|a xv, 381 p. :
|b ill. ;
|c 25 cm.
|
| 490 |
1 |
|
|a Undergraduate texts in mathematics,
|x 0172-6056
|
| 504 |
|
|
|a Includes bibliographical references (p. [355]-368) and index.
|
| 541 |
1 |
|
|e 00023818
|
| 650 |
|
0 |
|a Combinatorial analysis.
|9 7551
|
| 650 |
|
0 |
|a Graph theory.
|9 7552
|
| 700 |
1 |
|
|a Hirst, Jeffry L.,
|d 1957-
|9 7553
|
| 700 |
1 |
|
|a Mossinghoff, Michael J.,
|d 1964-
|9 7554
|
| 830 |
|
0 |
|a Undergraduate texts in mathematics.
|9 7555
|
| 852 |
1 |
|
|a Ayesha Abed Library
|j General shelf
|
| 942 |
|
|
|2 ddc
|c BK
|
| 952 |
|
|
|0 0
|1 0
|4 0
|6 511_600000000000000_HAR
|7 0
|9 18591
|a BRACUL
|b BRACUL
|c GEN
|d 1011-11-20
|e Karim International
|g 4300.00
|l 5
|m 46
|o 511.6 HAR
|p 3010023818
|r 2025-09-23
|s 2025-09-18
|t 1
|w 2011-11-21
|y BK
|
| 952 |
|
|
|0 0
|1 0
|4 0
|6 511_600000000000000_HAR
|7 0
|9 18592
|a BRACUL
|b BRACUL
|c GEN
|d 2011-11-20
|e Karim International
|g 4300.00
|l 6
|m 113
|o 511.6 HAR
|p 3010023819
|q 2026-05-21
|r 2025-10-06
|s 2025-10-06
|t 2
|w 2011-11-21
|y BK
|
| 952 |
|
|
|0 0
|1 0
|4 0
|6 511_600000000000000_HAR
|7 0
|9 18593
|a BRACUL
|b BRACUL
|c GEN
|d 1011-11-20
|e Karim International
|g 4300.00
|l 6
|m 11
|o 511.6 HAR
|p 3010023820
|r 2024-01-31
|s 2024-01-29
|t 3
|w 2011-11-21
|y BK
|